Problematika odpadového hospodárstva v podmienkach samosprávy

Príspevok je zameraný na problémy spojené s odpadom, ktoré sú súčasťou environmentálnej politiky každej civilizovanej krajiny. Dôraz je kladený na vzťahy medzi samosprávou, obyvateľstvom a podnikateľmi. Zdôraznené je riešenie problematiky separovaného zberu, a jeho vplyvu na životné prostredie ako k...

Descrizione completa

Salvato in:
Dettagli Bibliografici
Autore principale: Dendiš, Ľubomír
Natura: Capitolo di libro
Lingua:slovacco
Soggetti:
Tags: Aggiungi Tag
Nessun Tag, puoi essere il primo ad aggiungerne!!

MARC

LEADER 00000nla$a2200000$$$4500
001 0067203
005 20240502071815.3
041 0 |a slo 
044 |a SK 
245 1 0 |a Problematika odpadového hospodárstva v podmienkach samosprávy  |c Ľubomír Dendiš 
520 |a Príspevok je zameraný na problémy spojené s odpadom, ktoré sú súčasťou environmentálnej politiky každej civilizovanej krajiny. Dôraz je kladený na vzťahy medzi samosprávou, obyvateľstvom a podnikateľmi. Zdôraznené je riešenie problematiky separovaného zberu, a jeho vplyvu na životné prostredie ako kľúčového faktora rozvoja cestovného ruchu. 
610 2 0 |a odpad 
610 2 0 |a zber surovín 
610 2 0 |a samospráva 
610 2 0 |a politika environmentálna 
610 2 0 |a legislatíva 
100 1 |a Dendiš, Ľubomír